[Event "25th European Teams Women"]
[Site "Batumi GEO"]
[Date "2025.10.08"]
[Round "4.11"]
[Board "4"]
[White "Vidic, Teja"]
[Black "Duson, Robin"]
[Result "1/2-1/2"]
[WhiteTitle "WIM"]
[WhiteElo "2119"]
[BlackElo "2188"]
[WhiteTeam "Slovenia"]
[BlackTeam "Netherlands"]
[WhiteFideId "14605511"]
[BlackFideId "1055038"]
[EventDate "2025.10.05"]

1. e4 e5 2. Nf3 Nc6 3. Bb5 a6 4. Ba4 Nf6 5. O-O Be7 6. Re1 b5 7. Bb3 O-O 8. h3
Bb7 9. d3 d6 10. a3 Na5 11. Ba2 c5 12. Nc3 h6 13. b4 Nc6 14. Nd5 Rc8 15. c3 Re8
16. Be3 Nb8 17. a4 Nbd7 18. Nxe7+ Qxe7 19. Nh4 d5 20. Nf5 Qf8 21. axb5 axb5 22.
f3 cxb4 23. cxb4 Qxb4 24. Qb1 Qxb1 25. Rexb1 Ra8 26. Nd6 Reb8 27. Bb3 Bc6 28.
Ba7 Rd8 29. Rc1 Nb8 30. Nf5 Kh7 31. Ne7 Rd7 32. Bc5 Rxa1 33. Rxa1 Bb7 34. Nf5
Na6 35. Bd6 g6 36. Bxe5 gxf5 37. Bxf6 fxe4 38. dxe4 dxe4 39. Rc1 Kg6 40. Ba1
exf3 41. gxf3 Nb4 42. Rc5 Bxf3 43. Rxb5 Nd3 44. Rb6+ Kh7 45. Rf6 Bh5 46. Kh2 Nc5
47. Bc2+ Bg6 48. Bxg6+ fxg6 49. h4 Nb3 50. Bc3 Rc7 51. Rf3 Nc1 52. Ba1 Ra7 1/2-1/2

[Event "25th European Teams Women"]
[Site "Batumi GEO"]
[Date "2025.10.08"]
[Round "4.12"]
[Board "1"]
[White "Muetsch, Annmarie"]
[Black "Atalik, Ekaterina"]
[Result "0-1"]
[WhiteTitle "WIM"]
[BlackTitle "IM"]
[WhiteElo "2264"]
[BlackElo "2357"]
[WhiteTeam "Belgium"]
[BlackTeam "Turkiye"]
[WhiteFideId "12971367"]
[BlackFideId "4130189"]
[EventDate "2025.10.05"]

1. e4 c6 2. d4 d5 3. e5 a6 4. Nf3 Bg4 5. h3 Bxf3 6. Qxf3 e6 7. Qb3 Qc7 8. Be3 c5
9. c3 Ne7 10. Nd2 Nf5 11. Qa4+ Nc6 12. Bd3 Nxe3 13. fxe3 f6 14. exf6 Qg3+ 15.
Kd1 gxf6 16. Be2 Qxg2 17. Bh5+ Kd7 18. Bf3 Qf2 19. c4 Qxe3 20. cxd5 exd5 21.
dxc5 Bh6 22. Qg4+ Kc7 23. Qg3+ Ne5 0-1

[Event "25th European Teams Women"]
[Site "Batumi GEO"]
[Date "2025.10.08"]
[Round "4.12"]
[Board "2"]
[White "Caglar, Sila"]
[Black "De Rycke, Tyani"]
[Result "1-0"]
[WhiteTitle "WIM"]
[BlackTitle "WFM"]
[WhiteElo "2304"]
[BlackElo "2114"]
[WhiteTeam "Turkiye"]
[BlackTeam "Belgium"]
[WhiteFideId "6364063"]
[BlackFideId "247936"]
[EventDate "2025.10.05"]

1. e4 c5 2. Nf3 Nc6 3. Bb5 g6 4. O-O Bg7 5. c3 e5 6. d3 Nge7 7. Be3 d6 8. d4
exd4 9. cxd4 O-O 10. Nc3 cxd4 11. Nxd4 Ne5 12. Be2 d5 13. f4 Nc4 14. Bxc4 dxc4
15. Nf3 Qc7 16. Qe2 a6 17. a4 b6 18. Qf2 Rb8 19. Qh4 Qd6 20. Rad1 Qf6 21. Qg3 b5
22. f5 Bb7 23. Bd4 Qc6 24. Bxg7 Kxg7 25. Nd4 Qf6 26. fxg6 Qxg6 27. Qe5+ Kg8 28.
Qxe7 Rfe8 29. Qf6 Bxe4 30. Qxg6+ fxg6 31. axb5 axb5 32. Ndxb5 Bd3 33. Rf2 Re5
34. Nd4 Rbe8 35. h3 h5 36. Nf3 Ra5 37. h4 Rf5 38. b3 Rb8 39. bxc4 Bxc4 40. Ne4
Rf4 41. Neg5 Re8 42. Rfd2 Re7 43. Rd7 Rxd7 44. Rxd7 Rf5 45. Kh2 Kf8 46. Nd4 Rf1
47. Ndf3 Bb5 48. Rb7 Bd3 49. Ne5 Bc2 50. Rf7+ Rxf7 51. Nexf7 Kg7 52. Ne5 Kf6 53.
Nef3 Bf5 54. Kg3 Bb1 55. Kf4 Bf5 56. g3 Bc2 57. Ne4+ Kg7 58. Nfg5 Ba4 59. Ke5
Bc2 60. Ne6+ Kf7 61. N4g5+ Ke7 62. Nf4 Bb1 63. Nd5+ Kf8 64. Kf6 Kg8 65. Ne7+ Kh8
66. Nxg6+ 1-0

[Event "25th European Teams Women"]
[Site "Batumi GEO"]
[Date "2025.10.08"]
[Round "4.12"]
[Board "3"]
[White "Vanduyfhuys, Daria"]
[Black "Aydin, Gulenay"]
[Result "1/2-1/2"]
[WhiteTitle "WFM"]
[BlackTitle "WIM"]
[WhiteElo "2094"]
[BlackElo "2237"]
[WhiteTeam "Belgium"]
[BlackTeam "Turkiye"]
[WhiteFideId "246336"]
[BlackFideId "34557431"]
[EventDate "2025.10.05"]

1. d4 d5 2. c4 e6 3. Nf3 Nf6 4. Nc3 dxc4 5. e3 c5 6. Bxc4 Nc6 7. O-O cxd4 8.
exd4 Be7 9. Be3 O-O 10. Ne5 Nb4 11. Rc1 Nbd5 12. Qf3 Nxc3 13. bxc3 Nd5 14. Bd3
f6 15. Qh3 f5 16. Bd2 Bf6 17. Rfe1 a6 18. c4 Ne7 19. Bc3 Nc6 20. d5 exd5 21.
cxd5 Nxe5 22. Bxe5 Bxe5 23. Rxe5 Qf6 24. f4 Bd7 25. Qe3 Rac8 26. Rxc8 Rxc8 27.
h3 h5 28. Re7 Rd8 29. Rxd7 Rxd7 30. Qe8+ Kh7 31. Qxh5+ Kg8 32. Qe8+ Kh7 33. Qxd7
Qd4+ 34. Kh1 Qxd3 35. Qd6 b5 36. Kh2 a5 37. Qe5 b4 38. d6 a4 39. Qe7 b3 40. axb3
axb3 41. d7 b2 42. d8=Q Qxd8 43. Qxd8 b1=Q 44. h4 Qe4 45. Qg5 Qe6 46. h5 Qf7 47.
Kh3 Qe6 48. g3 Qf7 49. Kh4 Qe6 50. Kh3 Qf7 51. g4 fxg4+ 52. Qxg4 Qf6 53. Qg5
Qe6+ 54. f5 Qe4 55. Qg6+ Kh8 56. Qg4 Qh1+ 57. Kg3 Qg1+ 58. Kf4 Qd4+ 59. Kf3 Qd1+
60. Kg3 Qg1+ 61. Kh4 Qh2+ 62. Kg5 Qd2+ 63. Qf4 Qg2+ 64. Kh4 Qh1+ 65. Kg4 Qg2+
66. Qg3 Qe4+ 67. Kg5 Qe7+ 68. Kf4 Qd6+ 69. Kg4 Qd4+ 70. Kh3 Qe4 71. Qf2 Kh7 72.
Kg3 Kh6 73. Qb6+ Kh7 74. Qg6+ Kh8 75. Qe6 Qd3+ 76. Kg4 Qd4+ 77. Kg5 Qg1+ 78. Kf4
Qh2+ 79. Ke4 Qxh5 80. Kd5 Qd1+ 81. Ke5 Qd8 82. Qf7 Qa5+ 83. Kf4 Qd2+ 84. Ke4 1/2-1/2

[Event "25th European Teams Women"]
[Site "Batumi GEO"]
[Date "2025.10.08"]
[Round "4.12"]
[Board "4"]
[White "Tirpan, Ceren"]
[Black "Goossens, Hanne"]
[Result "1-0"]
[WhiteTitle "WFM"]
[BlackTitle "WIM"]
[WhiteElo "2195"]
[BlackElo "2091"]
[WhiteTeam "Turkiye"]
[BlackTeam "Belgium"]
[WhiteFideId "26385309"]
[BlackFideId "200468"]
[EventDate "2025.10.05"]

1. c4 e5 2. g3 d6 3. Bg2 f5 4. Nc3 Be7 5. d4 Nf6 6. Nf3 e4 7. Ng5 h6 8. Nh3 c6
9. d5 Nbd7 10. f3 Ne5 11. fxe4 fxe4 12. Nf2 Nxc4 13. Nfxe4 Qb6 14. Qd3 Ne5 15.
Qe3 c5 16. O-O Nfg4 17. Qd2 Bd7 18. h3 Nf6 19. Nxf6+ Bxf6 20. Ne4 Be7 21. Qc3
O-O-O 22. Bf4 Ng6 23. Be3 Rhg8 24. Rac1 Kb8 25. Rf7 Bf8 26. a3 Ne7 27. Nxd6 Qa6
28. Qxc5 Nxd5 29. Rxd7 Bxd6 30. Qxd5 1-0

[Event "25th European Teams Women"]
[Site "Batumi GEO"]
[Date "2025.10.08"]
[Round "4.13"]
[Board "1"]
[White "Zherebtsova, Alexandra"]
[Black "Khukhashvili, Sopiko"]
[Result "1/2-1/2"]
[WhiteTitle "FM"]
[BlackTitle "IM"]
[WhiteElo "2279"]
[BlackElo "2304"]
[WhiteTeam "Montenegro"]
[BlackTeam "Georgia 2"]
[WhiteFideId "24129518"]
[BlackFideId "13602055"]
[EventDate "2025.10.05"]

1. d4 Nf6 2. c4 e6 3. Nc3 Bb4 4. a3 Bxc3+ 5. bxc3 b6 6. f3 Nh5 7. Nh3 f5 8. e4
fxe4 9. Bg5 Nf6 10. fxe4 d6 11. e5 dxe5 12. dxe5 Qxd1+ 13. Rxd1 Nfd7 14. Nf4 O-O
15. Nxe6 Re8 16. Nxc7 Rxe5+ 17. Kf2 Rxg5 18. Nxa8 Rc5 19. Be2 Kf8 20. Rhe1 Nf6
21. Bf3 Rxc4 22. g4 Bd7 23. Rd4 Rc5 24. h4 h6 25. Rg1 g5 26. hxg5 hxg5 27. Rh1
Nc6 28. Bxc6 Rxc6 29. Rh8+ Ke7 30. Rb8 Rxc3 31. Rb7 Rxa3 32. Nc7 Ra5 33. Na8 Ke6
34. Rd3 Nxg4+ 35. Kg3 Nf6 36. Nxb6 axb6 37. Rxb6+ Ke5 38. Rxf6 Kxf6 39. Rxd7
Ra3+ 40. Kg4 1/2-1/2

[Event "25th European Teams Women"]
[Site "Batumi GEO"]
[Date "2025.10.08"]
[Round "4.13"]
[Board "2"]
[White "Khurtsilava, Inga"]
[Black "Skvortsova, Alena"]
[Result "1/2-1/2"]
[WhiteTitle "WGM"]
[BlackTitle "WFM"]
[WhiteElo "2128"]
[BlackElo "2166"]
[WhiteTeam "Georgia 2"]
[BlackTeam "Montenegro"]
[WhiteFideId "13600419"]
[BlackFideId "24166251"]
[EventDate "2025.10.05"]

1. d4 Nf6 2. Nf3 d5 3. e3 c5 4. Nbd2 Nbd7 5. Ne5 e6 6. f4 cxd4 7. exd4 g6 8. c3
Bg7 9. Bd3 O-O 10. O-O Ne8 11. Qe2 Nd6 12. Ndf3 Nf6 13. Ng5 h6 14. Nh3 Kh7 15.
Nf2 b6 16. h4 h5 17. Nh3 Nf5 18. Ng5+ Kg8 19. Qe1 Ng4 20. b3 Qe8 21. Ba3 f6 22.
Bxf8 Bxf8 23. Nxg4 hxg4 24. Bxf5 gxf5 25. Nf3 gxf3 26. Rxf3 Qh5 27. Qe2 Kh7 28.
a4 a6 29. c4 dxc4 30. Qxc4 Qf7 31. Rc1 Bd7 32. Rfc3 Bd6 33. Qf1 a5 34. Qf3 Ra7
35. g3 Kh6 36. Kh2 b5 37. axb5 Bxb5 38. Rc8 Bd7 39. Ra8 Rxa8 40. Qxa8 Qe8 41.
Qxa5 Qb8 42. Qc3 Qb7 43. d5 e5 44. Rd1 Qb5 45. Qe3 Bc5 46. Qd2 e4 47. Qb2 Kg7
48. h5 Ba3 49. Qc2 e3 50. Ra1 Bc5 51. Re1 Bd4 52. Qc4 Qc5 53. Kg2 Bb5 54. Qxc5
Bxc5 55. Kf3 Kh6 56. b4 Bxb4 57. Rxe3 Bc4 58. Kg2 Bxd5+ 59. Kh3 Kxh5 60. Re8 Bf3
61. Rh8+ Kg6 62. Rb8 Be7 63. Rb3 Bg4+ 64. Kg2 Kf7 65. Rb6 Ke8 66. Rb7 Bd1 67.
Ra7 Bc2 68. Kh3 Be4 69. Rc7 Kf7 70. Ra7 Ke6 71. Ra6+ Kd5 72. Ra5+ Kc4 73. Ra7
Bc5 74. Ra6 Bd4 75. g4 fxg4+ 1/2-1/2

[Event "25th European Teams Women"]
[Site "Batumi GEO"]
[Date "2025.10.08"]
[Round "4.13"]
[Board "3"]
[White "Koljevic, Nikolina"]
[Black "Gvetadze, Sofio"]
[Result "0-1"]
[WhiteTitle "WFM"]
[BlackTitle "IM"]
[WhiteElo "1970"]
[BlackElo "2298"]
[WhiteTeam "Montenegro"]
[BlackTeam "Georgia 2"]
[WhiteFideId "16503945"]
[BlackFideId "13601440"]
[EventDate "2025.10.05"]

1. e4 c5 2. Nf3 e6 3. d4 cxd4 4. Nxd4 Nf6 5. Nc3 d6 6. g3 Nc6 7. Bg2 Bd7 8. O-O
Be7 9. Be3 a6 10. a4 Qc7 11. Nxc6 Bxc6 12. a5 Rc8 13. h3 O-O 14. f4 Rfe8 15. g4
Nd7 16. g5 Bf8 17. h4 b5 18. axb6 Nxb6 19. Qd4 Nd7 20. Rxa6 Qb7 21. Ra7 Qb8 22.
Rfa1 d5 23. Qd2 Nb6 24. Qf2 Nc4 25. Bd4 dxe4 26. Nxe4 Red8 27. Kh1 Qb5 28. b3
Nd6 29. Nc3 Qf5 30. R1a5 Qh3+ 31. Kg1 Bxg2 32. Qxg2 Rxc3 33. Qxh3 Rxh3 34. Ra8
Nc8 35. Kg2 Rxh4 36. Kg3 Rh1 37. Bc5 Rhd1 38. Bxf8 Kxf8 39. Rc5 Ne7 40. Rxd8+
Rxd8 41. b4 Nf5+ 42. Kf3 Rb8 0-1

[Event "25th European Teams Women"]
[Site "Batumi GEO"]
[Date "2025.10.08"]
[Round "4.13"]
[Board "4"]
[White "Koridze, Lile"]
[Black "Djukic, Katarina"]
[Result "1-0"]
[WhiteTitle "WFM"]
[WhiteElo "2104"]
[BlackElo "1844"]
[WhiteTeam "Georgia 2"]
[BlackTeam "Montenegro"]
[WhiteFideId "13612514"]
[BlackFideId "16508874"]
[EventDate "2025.10.05"]

1. d4 Nf6 2. c4 g6 3. Nc3 Bg7 4. e4 d6 5. Nf3 O-O 6. Be2 e5 7. Be3 exd4 8. Nxd4
Re8 9. Qc2 Na6 10. O-O Nc5 11. f3 a5 12. Rfd1 Nfd7 13. Bf2 Ne5 14. Ndb5 Ne6 15.
c5 Nf4 16. cxd6 Qg5 17. Bg3 Nh5 18. f4 Nxf4 19. Bxf4 Qxf4 20. Nxc7 Ng4 21. Bxg4
Bxg4 22. Rd3 Rad8 23. Nxe8 Rxe8 24. Rf1 Qg5 25. Nd5 Rxe4 26. Ne7+ Rxe7 27. dxe7
Qxe7 28. Qd2 h5 29. Qxa5 Bxb2 30. Qd8+ Qxd8 31. Rxd8+ Kg7 32. Rb1 Bf6 33. Ra8
Bd4+ 34. Kf1 b6 35. Ra6 Be6 36. Rc1 Bc5 37. Rxc5 bxc5 38. Rxe6 fxe6 39. a4 c4
40. a5 c3 41. Ke2 1-0

[Event "25th European Teams Women"]
[Site "Batumi GEO"]
[Date "2025.10.08"]
[Round "4.14"]
[Board "1"]
[White "Movsesian, Julia"]
[Black "Zaksaite, Salomeja"]
[Result "1/2-1/2"]
[WhiteTitle "WGM"]
[BlackTitle "WGM"]
[WhiteElo "2220"]
[BlackElo "2133"]
[WhiteTeam "Czech Republic"]
[BlackTeam "Lithuania"]
[WhiteFideId "4139690"]
[BlackFideId "12801496"]
[EventDate "2025.10.05"]

1. e4 Nf6 2. e5 Nd5 3. d4 d6 4. Nf3 dxe5 5. Nxe5 c6 6. Be2 Bf5 7. O-O Nd7 8. Nf3
e6 9. c4 N5f6 10. Nc3 Bd6 11. b3 O-O 12. Bb2 Qc7 13. h3 h6 14. Bd3 Bxd3 15. Qxd3
e5 16. Rfe1 Rfe8 17. Ne4 Nxe4 18. Qxe4 Nf6 19. Qc2 e4 20. Nd2 Bb4 21. Re3 Qf4
22. Rae1 Re6 23. a3 Bd6 24. g3 Qf5 25. Nxe4 Nxe4 26. Rxe4 Rae8 27. Rxe6 Qxc2 28.
Rxe8+ Kh7 29. R8e2 Qxb3 30. c5 Bc7 31. Rc1 Bd8 32. Rcc2 Bf6 33. Rcd2 Bg5 34. Rc2
Qf3 35. h4 Bf6 36. Rcd2 g5 37. hxg5 Bxg5 38. Rc2 f5 39. Kh2 Kg6 40. Re6+ Kh5 41.
Rce2 Kg4 42. d5 Qxd5 43. Bf6 Qxc5 44. Bxg5 hxg5 45. R2e3 Qc2 46. Re2 Qd3 47.
R6e3 Qd5 48. Re5 Qd3 49. R5e3 Qd6 50. f3+ Kh5 51. Kh3 Qd4 52. Kg2 b5 53. Re6 Qd5
54. R6e5 Qc4 55. Re6 Qd5 56. R6e5 Qd1 57. Re6 a5 58. R2e4 Qc2+ 59. Re2 Qd1 60.
R2e4 g4 61. fxg4+ Kg5 62. gxf5 Qc2+ 63. Kh3 Qd1 64. Kg2 Qd2+ 65. Kh3 Qd1 66. Kg2
Qd2+ 67. Kh3 Qd1 1/2-1/2

[Event "25th European Teams Women"]
[Site "Batumi GEO"]
[Date "2025.10.08"]
[Round "4.14"]
[Board "2"]
[White "Baginskaite, Kamile"]
[Black "Rodshtein, Tereza"]
[Result "0-1"]
[WhiteTitle "WGM"]
[BlackTitle "WGM"]
[WhiteElo "2158"]
[BlackElo "2219"]
[WhiteTeam "Lithuania"]
[BlackTeam "Czech Republic"]
[WhiteFideId "2014599"]
[BlackFideId "325449"]
[EventDate "2025.10.05"]

1. d4 d5 2. c4 e6 3. Nf3 c6 4. e3 Nf6 5. Nbd2 Nbd7 6. b3 b6 7. Bd3 Bb7 8. O-O
Bd6 9. e4 dxe4 10. Nxe4 Nxe4 11. Bxe4 Nf6 12. Bg5 Qc7 13. Bxf6 gxf6 14. Qc2 f5
15. c5 fxe4 16. cxd6 Qxd6 17. Qxe4 O-O-O 18. Rac1 Rhg8 19. Rc3 Kb8 20. g3 Ka8
21. Re1 c5 22. dxc5 bxc5 23. Qe5 Qc6 24. b4 Rd5 25. Qe4 Qd6 26. Qxh7 Rd8 27.
bxc5 Rxc5 28. Rxc5 Qxc5 29. Qh4 Rc8 30. Qf4 Qh5 31. Ne5 Rd8 32. Qxf7 Qxh2+ 0-1

[Event "25th European Teams Women"]
[Site "Batumi GEO"]
[Date "2025.10.08"]
[Round "4.14"]
[Board "3"]
[White "Zelbova, Lada"]
[Black "Limontaite, Simona"]
[Result "1-0"]
[WhiteTitle "WFM"]
[BlackTitle "WIM"]
[WhiteElo "2169"]
[BlackElo "2151"]
[WhiteTeam "Czech Republic"]
[BlackTeam "Lithuania"]
[WhiteFideId "23717882"]
[BlackFideId "12802506"]
[EventDate "2025.10.05"]

1. e4 e6 2. d4 d5 3. e5 c5 4. c3 Nc6 5. Nf3 Qb6 6. Bd3 Bd7 7. O-O cxd4 8. cxd4
Nxd4 9. Nbd2 Nh6 10. Nxd4 Qxd4 11. Nf3 Qb6 12. Bxh6 gxh6 13. Rc1 Bg7 14. Qd2 Bc6
15. b4 a6 16. Rfe1 Rd8 17. a3 d4 18. Qf4 O-O 19. Nd2 Qc7 20. Qg4 Kh8 21. f4 Rg8
22. Qe2 f5 23. Nf1 Bf8 24. Ng3 Qd7 25. Rc2 Rg4 26. Qf1 Be7 27. Rec1 Rdg8 28.
Bxa6 Bh4 29. b5 Be4 30. Rc7 Qd8 31. Nxe4 bxa6 32. Nd6 Rxg2+ 33. Qxg2 Rxg2+ 34.
Kxg2 Qa8+ 35. Nb7 Qg8+ 36. Kh1 Be7 37. Rxe7 d3 38. Rg1 Qc8 39. Nd6 Qa8+ 40. Rb7 1-0

[Event "25th European Teams Women"]
[Site "Batumi GEO"]
[Date "2025.10.08"]
[Round "4.14"]
[Board "4"]
[White "Simkunaite, Gabija"]
[Black "Worek, Joanna"]
[Result "0-1"]
[WhiteTitle "WFM"]
[BlackTitle "WGM"]
[WhiteElo "2009"]
[BlackElo "2209"]
[WhiteTeam "Lithuania"]
[BlackTeam "Czech Republic"]
[WhiteFideId "12808253"]
[BlackFideId "1118080"]
[EventDate "2025.10.05"]

1. e4 c5 2. d4 cxd4 3. Qxd4 Nc6 4. Qd3 g6 5. Nc3 Bg7 6. Nf3 d6 7. Be2 Nf6 8. O-O
O-O 9. Nd5 Nd7 10. c3 Nc5 11. Qc2 e6 12. Ne3 f5 13. exf5 gxf5 14. Rd1 a5 15. Nc4
Ne4 16. Bf4 d5 17. Nce5 Qd6 18. Ng6 Qc5 19. Be3 d4 20. Nxf8 dxe3 21. Nd7 exf2+
22. Kf1 Bxd7 23. Rxd7 Nb4 24. Qb3 Nd5 25. Rxd5 exd5 26. Rd1 Nf6 27. Qxb7 Re8 28.
Nd4 f4 29. Bb5 Re4 30. Bd3 Re8 31. Bf5 Ne4 32. Ne2 Nf6 33. Rd4 Qd6 34. Bd3 f3
35. Ng3 fxg2+ 36. Kxg2 Qe5 37. Nf5 Bf8 38. Rh4 Rb8 39. Qa7 Rxb2 40. Qd4 Qxd4 41.
Rxd4 Bc5 42. Rf4 Rd2 43. Nh6+ Kg7 44. Nf5+ Kf7 45. Nh6+ Ke6 46. Bf5+ Ke7 47. Bc8
Rxa2 48. Ba6 Ra1 49. Nf5+ Kd8 50. Nd4 Bxd4 51. cxd4 Ne4 52. Bd3 Rg1+ 53. Kh3 a4
54. Rf5 Rd1 55. Rxd5+ Kc7 56. Bb5 a3 0-1

[Event "25th European Teams Women"]
[Site "Batumi GEO"]
[Date "2025.10.08"]
[Round "4.15"]
[Board "1"]
[White "Kirtadze, Anastasia"]
[Black "Pipiras, Filipa Fortuna"]
[Result "1-0"]
[WhiteTitle "WFM"]
[BlackTitle "FM"]
[WhiteElo "2303"]
[BlackElo "2273"]
[WhiteTeam "Georgia 3"]
[BlackTeam "Portugal"]
[WhiteFideId "13622714"]
[BlackFideId "1944894"]
[EventDate "2025.10.05"]

1. e4 c5 2. Nf3 e6 3. d4 cxd4 4. Nxd4 Nc6 5. Nc3 Qc7 6. Be3 a6 7. a3 b5 8. Nxc6
Qxc6 9. Qd3 Bb7 10. Be2 b4 11. axb4 Bxb4 12. Bf3 Rc8 13. Bd4 Nf6 14. O-O Qc7 15.
Ra4 Be7 16. e5 Nd5 17. Nxd5 exd5 18. Bc3 O-O 19. Bxd5 Bxd5 20. Qxd5 Qc6 21. Rd4
Rc7 22. Qxc6 dxc6 23. Ra4 Ra8 24. Rfa1 Rca7 25. Kf1 c5 26. Ra5 f6 27. f4 fxe5
28. Bxe5 Kf7 29. Kf2 g6 30. Ke3 Bd8 31. R5a3 Ke6 32. Ke4 h5 33. g3 a5 34. Rd1
Be7 35. h3 Rb7 36. Bc3 Ra6 37. Rda1 Bd8 38. Bxa5 Bxa5 39. Rxa5 Rb4+ 40. Ke3 Rxa5
41. Rxa5 Kd5 42. b3 Rb6 43. g4 hxg4 44. hxg4 Re6+ 45. Kd3 Rb6 46. Ra8 Rf6 47.
c4+ Kd6 48. Ra6+ 1-0

[Event "25th European Teams Women"]
[Site "Batumi GEO"]
[Date "2025.10.08"]
[Round "4.15"]
[Board "2"]
[White "Silva, Mariana"]
[Black "Mgeladze, Kesaria"]
[Result "0-1"]
[WhiteTitle "WFM"]
[BlackTitle "WFM"]
[WhiteElo "2090"]
[BlackElo "2290"]
[WhiteTeam "Portugal"]
[BlackTeam "Georgia 3"]
[WhiteFideId "1911899"]
[BlackFideId "13621130"]
[EventDate "2025.10.05"]

1. d4 Nf6 2. c4 e6 3. Nc3 Bb4 4. e3 O-O 5. Bd3 d5 6. cxd5 exd5 7. a3 Bxc3+ 8.
bxc3 b6 9. Nf3 c5 10. O-O Ba6 11. Bxa6 Nxa6 12. Qd3 c4 13. Qc2 Nb8 14. Nd2 Re8
15. Re1 Nc6 16. f3 b5 17. Nf1 a5 18. Bd2 Rb8 19. Reb1 Qd6 20. Be1 Qe7 21. Qd2
Rb6 22. Kh1 h6 23. Bh4 Qe6 24. Rb2 Reb8 25. Rab1 R8b7 26. Kg1 Kh8 27. Bxf6 Qxf6
28. e4 b4 29. axb4 axb4 30. e5 Qe7 31. Ne3 bxc3 32. Qxc3 Rxb2 33. Rxb2 Ra7 34.
Rb6 Ra3 35. Qb2 Rxe3 36. Rxc6 Re1+ 37. Kf2 Qh4+ 38. g3 Qxh2+ 39. Kxe1 Qxb2 0-1

[Event "25th European Teams Women"]
[Site "Batumi GEO"]
[Date "2025.10.08"]
[Round "4.15"]
[Board "3"]
[White "Lomaia, Diana"]
[Black "Avelino, Camila Biscaya"]
[Result "1/2-1/2"]
[WhiteTitle "WFM"]
[BlackTitle "WFM"]
[WhiteElo "2071"]
[BlackElo "1942"]
[WhiteTeam "Georgia 3"]
[BlackTeam "Portugal"]
[WhiteFideId "13612476"]
[BlackFideId "1938975"]
[EventDate "2025.10.05"]

1. d4 Nf6 2. c4 g6 3. g3 Bg7 4. Bg2 d6 5. Nc3 O-O 6. Nf3 c5 7. O-O Nc6 8. d5 Na5
9. Qd3 a6 10. e4 b5 11. Nd2 Ng4 12. cxb5 axb5 13. Nxb5 Ba6 14. a4 Qb6 15. Qe2
Ne5 16. Ra3 c4 17. Kh1 Rfb8 18. f4 Nd3 19. Nxc4 Nxc4 20. Rxd3 Bxb5 21. axb5 Qxb5
22. b3 Na5 23. f5 Nxb3 24. fxg6 hxg6 25. Qf3 Nxc1 26. Rxc1 Ra1 27. Rxa1 Bxa1 28.
Rd1 Bf6 29. Rf1 Qb3 30. Qxb3 Rxb3 31. Rc1 1/2-1/2

[Event "25th European Teams Women"]
[Site "Batumi GEO"]
[Date "2025.10.08"]
[Round "4.15"]
[Board "4"]
[White "Almeida, Marta Dias"]
[Black "Tsetskhladze, Mariam"]
[Result "0-1"]
[WhiteTitle "WCM"]
[BlackTitle "WFM"]
[WhiteElo "1925"]
[BlackElo "1987"]
[WhiteTeam "Portugal"]
[BlackTeam "Georgia 3"]
[WhiteFideId "1956060"]
[BlackFideId "13623834"]
[EventDate "2025.10.05"]

1. d4 Nf6 2. c4 e6 3. Nf3 d5 4. Nc3 Bb4 5. Bg5 h6 6. Bxf6 Qxf6 7. Qb3 c5 8. cxd5
exd5 9. a3 Bxc3+ 10. Qxc3 Na6 11. e3 c4 12. a4 O-O 13. Be2 Bf5 14. b3 cxb3 15.
Qxb3 Qd6 16. O-O Nb4 17. Rfc1 a5 18. Ne5 Rac8 19. Nd3 Bxd3 20. Bxd3 Qe6 21. h3
Rxc1+ 22. Rxc1 Rc8 23. Rc3 Nxd3 24. Rxd3 Rc1+ 25. Rd1 Rxd1+ 26. Qxd1 Qc6 27. Qb3
Kf8 28. Qa3+ Ke8 29. g3 b5 30. axb5 Qxb5 31. Qd6 a4 32. Kg2 Qa5 33. Qc6+ Ke7 34.
Qb7+ Ke6 35. Qc6+ Ke7 36. Qb7+ Ke8 37. Qc8+ Qd8 38. Qa6 Qd7 39. Kh2 Kd8 40. Qa8+
Kc7 41. Qa7+ Kd6 42. Qc5+ Ke6 43. Qb6+ Qd6 44. Qa5 Qc6 45. e4 dxe4 46. d5+ Qxd5
47. Qxa4 f5 48. Qe8+ Kf6 49. Qf8+ Qf7 50. Qd6+ Qe6 51. Qf8+ Kg6 52. Qc5 Kh7 53.
Kg2 g5 54. Qf8 Kg6 55. Kh2 h5 56. h4 gxh4 57. gxh4 Qe5+ 58. Kh3 f4 59. Qg8+ Kf6
60. Qf8+ Ke6 61. Qe8+ Kd5 62. Qd7+ Kc4 63. Qc6+ Kd3 64. Qa6+ Kd2 65. Qa2+ Ke1
66. Qb1+ Kxf2 67. Qc2+ Ke3 68. Kg2 f3+ 69. Kf1 Qa1+ 0-1

[Event "25th European Teams Women"]
[Site "Batumi GEO"]
[Date "2025.10.08"]
[Round "4.16"]
[Board "1"]
[White "Ptacnikova, Lenka"]
[Black "Paasikangas, Johanna"]
[Result "0-1"]
[WhiteTitle "WGM"]
[BlackTitle "FM"]
[WhiteElo "2167"]
[BlackElo "2106"]
[WhiteTeam "Iceland"]
[BlackTeam "Finland"]
[WhiteFideId "305650"]
[BlackFideId "500879"]
[EventDate "2025.10.05"]

1. Nf3 d5 2. e3 Nf6 3. c4 e6 4. Nc3 Be7 5. b3 O-O 6. Bb2 c5 7. cxd5 exd5 8. d4
b6 9. Rc1 Bb7 10. Be2 Nbd7 11. O-O Ne4 12. dxc5 Nxc3 13. Bxc3 bxc5 14. Qd2 Bf6
15. Rfd1 Qe7 16. Rc2 Bxc3 17. Qxc3 Rac8 18. Qa5 a6 19. h3 h6 20. Rdc1 Rfe8 21.
Qa4 Qd6 22. Qa3 Rcd8 23. Rd2 Qg6 24. Bd3 Qf6 25. Nh2 d4 26. Ng4 Qg5 27. f4 Qh4
28. exd4 h5 29. Nf2 Qxf4 30. Rcd1 cxd4 31. Bf1 Ne5 32. Qb4 Nf3+ 33. gxf3 Bxf3
34. Nh1 Bxd1 35. Rxd1 Qg5+ 36. Kh2 Qf4+ 37. Kg1 Re6 38. Qd2 Rg6+ 39. Bg2 Qf3 40.
Re1 Qxh3 41. Kf1 Qh2 42. Re7 Rc8 43. Re2 Rxg2 44. Rxg2 Qxh1+ 45. Kf2 Rc6 46. Kf3
Rf6+ 47. Ke4 Rg6 0-1

[Event "25th European Teams Women"]
[Site "Batumi GEO"]
[Date "2025.10.08"]
[Round "4.16"]
[Board "2"]
[White "Puuska, Heini"]
[Black "Thorsteinsdottir, Hallgerdur"]
[Result "0-1"]
[WhiteTitle "WFM"]
[BlackTitle "WFM"]
[WhiteElo "1907"]
[BlackElo "2031"]
[WhiteTeam "Finland"]
[BlackTeam "Iceland"]
[WhiteFideId "502324"]
[BlackFideId "2302454"]
[EventDate "2025.10.05"]

1. d4 Nf6 2. Nf3 g6 3. e3 d5 4. b4 Bg7 5. Be2 b6 6. O-O c5 7. bxc5 bxc5 8. c3
O-O 9. Ba3 Ne4 10. Nfd2 Nxd2 11. Nxd2 cxd4 12. cxd4 a5 13. Nb3 Na6 14. Nc5 Nxc5
15. Bxc5 Qd7 16. Rb1 Ba6 17. Bxa6 Rxa6 18. Qb3 Re8 19. Qb7 Qxb7 20. Rxb7 e6 21.
Rfb1 Rc8 22. Rd7 Bf8 23. Bxf8 Rxf8 24. g3 a4 25. Rc7 Raa8 26. a3 Rab8 27. Rxb8
Rxb8 28. Ra7 h5 29. h4 Rb1+ 30. Kg2 Ra1 31. Rxa4 Kg7 32. Ra7 Kf6 33. Kf3 Ra2 34.
a4 Ra3 35. Kf4 Ra2 36. f3 Ra3 37. a5 Ra4 38. a6 e5# 0-1